Finančno-ekonomické aspekty zabezpečovania služieb odvetvia spoločenských potrieb diplomová práca

Salvato in:
Dettagli Bibliografici
Autore principale: Guňovský, Radoslav
Ente Autore: Národohospodárska fakulta EU. Katedra financií
Altri autori: Neupauerová, Zuzana
Natura: Libro
Lingua:slovacco
Pubblicazione: Bratislava 2014
Tags: Aggiungi Tag
Nessun Tag, puoi essere il primo ad aggiungerne!!

MARC

LEADER 00000nbm a2200000 4500
001 0187282
005 20170201085508.5
041 0 |a slo 
044 |a SK 
245 1 0 |a Finančno-ekonomické aspekty zabezpečovania služieb odvetvia spoločenských potrieb  |b diplomová práca  |c Radoslav Guňovský ; školiteľ: Zuzana Neupauerová 
264 1 |a Bratislava  |c 2014 
300 |a 68 s. 
100 1 |a Guňovský, Radoslav 
700 1 |a Neupauerová, Zuzana 
710 2 |a Národohospodárska fakulta EU. Katedra financií